000 00477nam a2200181Ia 4500
001 24358
005 20260414151037.0
008 260414t2011||||xx |||||||||||||| ||spa||
041 _aESP
082 _a345.52
_bR78
100 _aRojas Bernal, Jose Miguel
_eAUT
245 0 _aGuía para la ejecución de sentencias en los procesos constitucionales
_b
260 _c2011
300 _a262 páginas :
_c24 cm.
650 _aDER
654 _aCDE
942 _cLIB
_dJUS
_fJUS
_2ddc
_n
999 _c24358
_d24358